00649nim a2200181 a 450000500170000000800410001702000150005804000250007304100080009810000320010624500770013825700130021526401000022830000310032865000430035970000390040270000260044120170215170104.0140127b2003 ck ||||| |||| 00| 0 spa d a9588151228 aCO-BoIAVHcCO-BoIAVH aspa1 aAlvarez Rebolledo, Mauricio1 aGuía sonora de las aves del departamento del Valle de Cauca, Colombia: aColombia aBogotá:bInstituto de Investigación de Recursos Biológicos Alexander von Humboldt,c2003. a1 DVDb79 archivos sonoros 0aAveszValle del Cauca (Dpto)zColombia1 aCórdoba Córdoba, Sergioeautor aLópez, J. A.eautor